Keskustan puheenjohtajat - Statistics

Yleistilastot
  • Tätä visaa on pelattu 180 kertaa
    61 viimeisimmän päivityksen jälkeen
  • Keskiarvotulos 10 / 17
Vastaustilastot
Vuodet Puheenjohtaja % Oikein
2003-2010 Matti Vanhanen
95%
2012-2019 Juha Sipilä
88%
2020-2024 Annika Saarikko
84%
2024- Antti Kaikkonen
84%
1980-1990 Paavo Väyrynen
84%
1990-2002 Esko Aho
81%
2019-2020 Katri Kulmuni
79%
2002-2003 Anneli Jäätteenmäki
74%
2010-2012 Mari Kiviniemi
74%
1964-1980 Johannes Virolainen
72%
1909-1917 Kyösti Kallio
72%
1918-1919 Santeri Alkio
49%
1946-1964 Vieno Johannes Sukselainen
42%
1940-1946 Viljami Kalliokoski
12%
1906-1909 Otto Karhi
5%
1917-1918 Filip Saalasti
2%
1919-1940 Petter Vilhelm Heikkinen
2%
Ehtoja vastaavia visoja ei löytynyt
Tulosjakauma
Jokaisen tuloksen saaneiden osuus
Persentiili vastausten määrän mukaan
Tuloshistoriasi
Et ole pelannut tätä visaa sen viimeisimmän päivityksen jälkeen